[Event "39. Torneo La Roda"]
[Site "La Roda ESP"]
[Date "2012.04.05"]
[Round "2.18"]
[White "Granero Roca, Antonio"]
[Black "Nicolas Zapata, Irene"]
[Result "0-1"]
[WhiteElo "2432"]
[BlackElo "2127"]
[PlyCount "61"]
[EventDate "2012.04.04"]
[EventType "swiss"]
[EventRounds "9"]
[EventCountry "ESP"]
[Source "lmi"]
[SourceDate "2012.04.04"]

1. Nf3 Nf6 2. c4 e6 3. d4 d5 4. g3 dxc4 5. Qa4+ Bd7 6. Qxc4 c5 7. Bg2 Bc6 8.
dxc5 Nbd7 9. Nc3 Bxc5 10. O-O Rc8 11. Qf4 O-O 12. e4 Qb6 13. Qh4 Rfd8 14. Rb1
a5 15. Bg5 h6 16. Bxf6 Nxf6 17. Ne5 Be8 18. Nf3 Bc6 19. Ne5 Be8 20. Nf3 Qa7 21.
a3 b5 22. e5 Nd5 23. Ne4 Be7 24. Qg4 h5 25. Qh3 g6 26. Rbd1 b4 27. Nd4 Qb6 28.
g4 Nf4 29. Qe3 Nd5 30. Qh6 Bf8 31. Qg5 0-1

[Event "39. Torneo La Roda"]
[Site "La Roda ESP"]
[Date "2012.04.05"]
[Round "2.19"]
[White "Antoli Royo, Joaquin Miguel"]
[Black "Moreto Quintana, Alex"]
[Result "1-0"]
[WhiteElo "2414"]
[BlackElo "2123"]
[PlyCount "101"]
[EventDate "2012.04.04"]
[EventType "swiss"]
[EventRounds "9"]
[EventCountry "ESP"]
[Source "lmi"]
[SourceDate "2012.04.04"]

1. Nf3 Nf6 2. d4 e6 3. g3 c5 4. c4 cxd4 5. Nxd4 Bb4+ 6. Bd2 Bxd2+ 7. Nxd2 O-O
8. Bg2 Nc6 9. N2b3 a6 10. O-O Qc7 11. c5 Rd8 12. Rc1 Nxd4 13. Qxd4 d5 14. cxd6
Qxd6 15. Qxd6 Rxd6 16. Na5 Rb8 17. Rc2 e5 18. Nc4 Re6 19. Rd1 Bd7 20. Nd6 b6
21. Rc7 Kf8 22. Ra7 Rd8 23. Ne4 Ke8 24. Rxa6 Nxe4 25. Bxe4 Bb5 26. Rxd8+ Kxd8
27. Ra8+ Ke7 28. Bd5 Rd6 29. Ra7+ Bd7 30. e4 Kf6 31. Rb7 Kg5 32. h4+ Kg6 33.
Kf1 f5 34. Ke2 Kh5 35. Kf3 g5 36. hxg5 Kxg5 37. Ke3 Kg4 38. b4 h5 39. Rb8 f4+
40. gxf4 exf4+ 41. Kd4 Bc6 42. Rxb6 Bxd5 43. Rxd6 Bb7 44. Rg6+ Kf3 45. e5 h4
46. b5 Kxf2 47. e6 Bc8 48. e7 Bd7 49. b6 h3 50. b7 h2 51. Rh6 1-0

[Event "39. Torneo La Roda"]
[Site "La Roda ESP"]
[Date "2012.04.05"]
[Round "3.2"]
[White "Fedorchuk, Sergey A"]
[Black "Navarro Ortiz De Ortuno, Borja"]
[Result "1-0"]
[WhiteElo "2634"]
[BlackElo "2343"]
[PlyCount "141"]
[EventDate "2012.04.04"]
[EventType "swiss"]
[EventRounds "9"]
[EventCountry "ESP"]
[Source "lmi"]
[SourceDate "2012.04.04"]

1. e4 e6 2. d4 d5 3. Nd2 dxe4 4. Nxe4 Be7 5. Nf3 Nf6 6. Qd3 Bd7 7. Be2 Nxe4 8.
Qxe4 Bc6 9. Qd3 Bxf3 10. Bxf3 c6 11. O-O Nd7 12. b4 a6 13. Rb1 O-O 14. Rb3 Bd6
15. c4 Nf6 16. Bg5 Be7 17. Bf4 Bd6 18. Be5 Qe7 19. Qe3 Nd7 20. Be4 f5 21. Bxd6
Qxd6 22. c5 Qe7 23. Bd3 Qf6 24. Re1 Rfe8 25. Bc4 Nf8 26. a4 Rad8 27. Rd3 Re7
28. b5 axb5 29. axb5 cxb5 30. Bxb5 Rc7 31. g3 h6 32. Ba4 Rf7 33. Qd2 Kh7 34.
Bb3 Re7 35. Qe3 Rf7 36. Rb1 Kh8 37. Ba4 Ra8 38. Bd1 Rd8 39. Bf3 Rdd7 40. Rb6
Qd8 41. Qe5 f4 42. Be4 fxg3 43. hxg3 Qf6 44. Qxf6 gxf6 45. Rb4 f5 46. Bg2 e5
47. d5 e4 48. Rd2 Ng6 49. d6 Ne5 50. Rd5 Nd3 51. Rbd4 Kg7 52. Kf1 Rf8 53. Bh3
Kg6 54. Ke2 h5 55. f3 Nc1+ 56. Ke3 Nb3 57. Rd1 exf3 58. Kxf3 Kg5 59. Re5 Rf6
60. Rdd5 Kh6 61. Rxf5 Rxf5+ 62. Bxf5 Rd8 63. d7 Kg7 64. Kf4 Kf6 65. Bh3 Nc1 66.
Ke3 Kg6 67. Rd6+ Kg5 68. Rb6 h4 69. gxh4+ Kxh4 70. Be6 Kg5 71. Kd2 1-0

[Event "39. Torneo La Roda"]
[Site "La Roda ESP"]
[Date "2012.04.05"]
[Round "3.3"]
[White "Sande Edreira, Jose Antonio"]
[Black "Salgado Lopez, Ivan"]
[Result "0-1"]
[WhiteElo "2343"]
[BlackElo "2621"]
[PlyCount "38"]
[EventDate "2012.04.04"]
[EventType "swiss"]
[EventRounds "9"]
[EventCountry "ESP"]
[Source "lmi"]
[SourceDate "2012.04.04"]

1. g3 e5 2. c4 Nc6 3. Bg2 Bc5 4. Nc3 a6 5. e3 d6 6. Nge2 Ba7 7. O-O h5 8. b4
Nxb4 9. Qa4+ Nc6 10. Rb1 Nge7 11. d4 Kf8 12. Rd1 h4 13. c5 hxg3 14. Nxg3 exd4
15. exd4 Ng6 16. cxd6 cxd6 17. Nce4 Qh4 18. Rxb7 Bxb7 19. Nxd6 Nxd4 0-1

[Event "39. Torneo La Roda"]
[Site "La Roda ESP"]
[Date "2012.04.05"]
[Round "3.4"]
[White "Cruz Lledo, Pablo"]
[Black "Zubarev, Alexander"]
[Result "0-1"]
[WhiteElo "2334"]
[BlackElo "2597"]
[PlyCount "80"]
[EventDate "2012.04.04"]
[EventType "swiss"]
[EventRounds "9"]
[EventCountry "ESP"]
[Source "lmi"]
[SourceDate "2012.04.04"]

1. d4 g6 2. c4 Bg7 3. Nc3 d6 4. e4 e5 5. Nge2 Nd7 6. g3 Ngf6 7. Bg2 exd4 8.
Nxd4 O-O 9. O-O Re8 10. h3 c6 11. Be3 Qa5 12. a3 Nb6 13. Qd3 Qh5 14. Nde2 Nfd7
15. Nf4 Qa5 16. b4 Qa6 17. b5 Qa5 18. Rfc1 Ne5 19. Bxb6 axb6 20. Qf1 Nd7 21.
Nfe2 Nc5 22. Rab1 Be6 23. bxc6 bxc6 24. e5 Rac8 25. Nd4 Bd7 26. Nb3 Nxb3 27.
Rxb3 Rxe5 28. Ne4 Rce8 29. Re3 R5e6 30. Rd1 f5 31. Nxd6 Rxe3 32. fxe3 Rxe3 33.
Qf2 Qe5 34. Nb7 Qe7 35. Kh2 Rb3 36. Qd2 Be8 37. Nd6 Qe5 38. Nxe8 Qxg3+ 39. Kh1
Rb2 40. Qxb2 Bxb2 0-1

[Event "39. Torneo La Roda"]
[Site "La Roda ESP"]
[Date "2012.04.05"]
[Round "3.5"]
[White "Bacallao Alonso, Yusnel"]
[Black "Santos, Antonio P"]
[Result "1-0"]
[WhiteElo "2550"]
[BlackElo "2327"]
[PlyCount "75"]
[EventDate "2012.04.04"]
[EventType "swiss"]
[EventRounds "9"]
[EventCountry "ESP"]
[Source "lmi"]
[SourceDate "2012.04.04"]

1. d4 Nf6 2. Nf3 e6 3. Bg5 Be7 4. c4 Ne4 5. Bxe7 Qxe7 6. Qc2 d5 7. Nc3 Nxc3 8.
Qxc3 O-O 9. e3 b6 10. Rc1 c6 11. cxd5 exd5 12. Bd3 Bb7 13. Qc2 h6 14. O-O Nd7
15. e4 c5 16. e5 Rac8 17. Qa4 Bc6 18. Qa3 Rc7 19. Bf5 g6 20. Bh3 Re8 21. b3 Bb5
22. Rfe1 Nf8 23. dxc5 bxc5 24. Qa5 Bd3 25. Qc3 Be4 26. Nd2 Qxe5 27. Qxe5 Rxe5
28. f3 f5 29. fxe4 fxe4 30. b4 c4 31. Nf3 Ree7 32. Nd4 Rb7 33. a3 a5 34. bxa5
Rb5 35. a6 Ra7 36. Bc8 Rb6 37. Bb7 Nd7 38. Bxd5+ 1-0

[Event "39. Torneo La Roda"]
[Site "La Roda ESP"]
[Date "2012.04.05"]
[Round "3.6"]
[White "Alcaraz Ortega, Javier"]
[Black "Paunovic, Dragan"]
[Result "0-1"]
[WhiteElo "2331"]
[BlackElo "2537"]
[PlyCount "72"]
[EventDate "2012.04.04"]
[EventType "swiss"]
[EventRounds "9"]
[EventCountry "ESP"]
[Source "lmi"]
[SourceDate "2012.04.04"]

1. d4 d6 2. Nf3 g6 3. c4 Bg7 4. e4 Bg4 5. Be2 Nc6 6. Be3 Bxf3 7. Bxf3 e5 8. d5
Nd4 9. Bxd4 exd4 10. Nd2 Ne7 11. O-O c5 12. Bg4 O-O 13. f4 f5 14. Bh3 Qb6 15.
Rb1 Rae8 16. Qc2 Kh8 17. b3 Qa5 18. Rbe1 fxe4 19. Rxe4 Qc3 20. Qxc3 dxc3 21.
Nf3 Ng8 22. Be6 a6 23. g4 Nf6 24. Ree1 b5 25. Ng5 Re7 26. Ne4 Nxe4 27. Rxe4
Bd4+ 28. Kg2 bxc4 29. bxc4 Rb7 30. f5 Kg7 31. Kf3 Rb2 32. Re2 Rfb8 33. Rc1 Rxe2
34. Kxe2 Rb2+ 35. Kd3 Rd2+ 36. Ke4 c2 0-1

[Event "39. Torneo La Roda"]
[Site "La Roda ESP"]
[Date "2012.04.05"]
[Round "3.7"]
[White "Sanchez, Joseph"]
[Black "Valmana Canto, Jaime"]
[Result "1-0"]
[WhiteElo "2526"]
[BlackElo "2314"]
[PlyCount "69"]
[EventDate "2012.04.04"]
[EventType "swiss"]
[EventRounds "9"]
[EventCountry "ESP"]
[Source "lmi"]
[SourceDate "2012.04.04"]

1. e4 c5 2. Nf3 Nc6 3. d4 cxd4 4. Nxd4 Nf6 5. Nc3 e5 6. Ndb5 d6 7. Bg5 a6 8.
Na3 b5 9. Bxf6 gxf6 10. Nd5 Bg7 11. c3 f5 12. exf5 Bxf5 13. g3 Be4 14. f3 Bxd5
15. Qxd5 Qb6 16. Nc2 O-O 17. a3 Ne7 18. Qd2 d5 19. Qf2 d4 20. Bd3 f5 21. cxd4
e4 22. Be2 Rac8 23. Bd1 Nd5 24. O-O e3 25. Qe2 f4 26. Nb4 Nxb4 27. axb4 Qxd4
28. Rxa6 Qxb4 29. gxf4 Rcd8 30. Kh1 Qxf4 31. Rg1 Rd2 32. Ra7 Rf7 33. Bb3 Kh8
34. Rxf7 Qxf7 35. Qxd2 1-0

[Event "39. Torneo La Roda"]
[Site "La Roda ESP"]
[Date "2012.04.05"]
[Round "3.8"]
[White "Ramiro Ovejero, Juan Luis"]
[Black "Ibarra Jerez, Jose Carlos"]
[Result "1/2-1/2"]
[WhiteElo "2323"]
[BlackElo "2523"]
[PlyCount "38"]
[EventDate "2012.04.04"]
[EventType "swiss"]
[EventRounds "9"]
[EventCountry "ESP"]
[Source "lmi"]
[SourceDate "2012.04.04"]

1. e4 c5 2. Nf3 e6 3. d3 d5 4. Nbd2 Nc6 5. g3 g6 6. Bg2 Bg7 7. O-O Nge7 8. Re1
O-O 9. Qe2 Qc7 10. c3 b6 11. h4 h6 12. e5 f6 13. exf6 Rxf6 14. Nf1 e5 15. Nxe5
Re6 16. f4 Nxe5 17. fxe5 Bxe5 18. Qf2 Kg7 19. d4 cxd4 1/2-1/2

[Event "39. Torneo La Roda"]
[Site "La Roda ESP"]
[Date "2012.04.05"]
[Round "3.9"]
[White "Khamrakulov, Ibragim S"]
[Black "Bermejo Martinez, Jorge"]
[Result "1-0"]
[WhiteElo "2519"]
[BlackElo "2267"]
[PlyCount "80"]
[EventDate "2012.04.04"]
[EventType "swiss"]
[EventRounds "9"]
[EventCountry "ESP"]
[Source "lmi"]
[SourceDate "2012.04.04"]

1. e4 e5 2. Nf3 Nc6 3. Bc4 Bc5 4. O-O Nf6 5. d3 d6 6. c3 Bb6 7. Bb3 O-O 8. Bg5
h6 9. Bh4 a6 10. Nbd2 Ba7 11. Nc4 Bd7 12. Ne3 Na5 13. Bc2 Be6 14. d4 g5 15.
Nxg5 hxg5 16. Bxg5 exd4 17. cxd4 Nc4 18. d5 Ne5 19. dxe6 fxe6 20. Qe2 Qd7 21.
Kh1 Qb5 22. Rae1 Qxe2 23. Rxe2 Nh7 24. Bh4 Ng6 25. Bg3 Nf6 26. e5 Nxe5 27. Bxe5
dxe5 28. h3 b5 29. g3 Kf7 30. b4 Bd4 31. Bb3 Rh8 32. Kg2 Rad8 33. Rc1 Bb6 34.
Ng4 Nxg4 35. hxg4 Rhe8 36. Rxe5 Rd2 37. Rc2 Rxc2 38. Bxc2 Bd4 39. Re2 e5 40. f4
exf4 1-0

[Event "39. Torneo La Roda"]
[Site "La Roda ESP"]
[Date "2012.04.05"]
[Round "3.10"]
[White "Moreno Tejera, Emilio"]
[Black "Koziak, Vitali"]
[Result "1/2-1/2"]
[WhiteElo "2313"]
[BlackElo "2511"]
[PlyCount "62"]
[EventDate "2012.04.04"]
[EventType "swiss"]
[EventRounds "9"]
[EventCountry "ESP"]
[Source "lmi"]
[SourceDate "2012.04.04"]

1. e4 e5 2. Nf3 Nc6 3. Bc4 Nf6 4. d3 h6 5. O-O d6 6. c3 g6 7. Bb3 Bg7 8. Re1
O-O 9. h3 Nh5 10. d4 Qf6 11. d5 Ne7 12. Nbd2 Nf4 13. Nf1 h5 14. h4 Bg4 15. g3
Nh3+ 16. Kg2 g5 17. Bxg5 Nxg5 18. hxg5 Bxf3+ 19. Qxf3 Qxg5 20. Ne3 f5 21. Rh1
f4 22. Rxh5 Qg6 23. Nf5 Nxf5 24. exf5 Rxf5 25. Rxf5 Qxf5 26. g4 e4 27. gxf5
exf3+ 28. Kxf3 Be5 29. Ba4 Rd8 30. Rh1 a6 31. Bc2 Rf8 1/2-1/2

[Event "39. Torneo La Roda"]
[Site "La Roda ESP"]
[Date "2012.04.05"]
[Round "3.11"]
[White "Cruz, Cristhian"]
[Black "Rioboo De Larriva, Alvaro"]
[Result "1-0"]
[WhiteElo "2508"]
[BlackElo "2258"]
[PlyCount "85"]
[EventDate "2012.04.04"]
[EventType "swiss"]
[EventRounds "9"]
[EventCountry "ESP"]
[Source "lmi"]
[SourceDate "2012.04.04"]

1. c4 e5 2. g3 Nc6 3. Bg2 g6 4. Nc3 Bg7 5. d3 d6 6. Rb1 a5 7. e3 Nf6 8. Nge2
O-O 9. O-O Be6 10. e4 Nd4 11. Nxd4 exd4 12. Ne2 Nd7 13. Nf4 Nc5 14. Nxe6 fxe6
15. f4 Qd7 16. Rf2 b5 17. cxb5 Qxb5 18. Bf1 Rf7 19. Bd2 Qd7 20. Rc1 Bh6 21. Rc2
e5 22. fxe5 Rxf2 23. Kxf2 Bxd2 24. Qxd2 Rf8+ 25. Kg1 Qf7 26. Qe2 Qxa2 27. b4
Rxf1+ 28. Kxf1 Qf7+ 29. Qf2 axb4 30. Qxf7+ Kxf7 31. exd6 cxd6 32. Ke2 Na4 33.
Rc7+ Kf6 34. Rb7 Nc3+ 35. Kd2 d5 36. Rb6+ Ke5 37. exd5 Nxd5 38. Rb5 Ke6 39. Rb7
h5 40. Ke2 h4 41. Kf3 hxg3 42. hxg3 Nc3 43. Rb6+ 1-0

[Event "39. Torneo La Roda"]
[Site "La Roda ESP"]
[Date "2012.04.05"]
[Round "3.12"]
[White "Perez Mitjans, Orelvis"]
[Black "Navarro Lopez-Menchero, Daniel"]
[Result "1-0"]
[WhiteElo "2482"]
[BlackElo "2237"]
[PlyCount "71"]
[EventDate "2012.04.04"]
[EventType "swiss"]
[EventRounds "9"]
[EventCountry "ESP"]
[Source "lmi"]
[SourceDate "2012.04.04"]

1. e4 c5 2. Nf3 d6 3. d4 cxd4 4. Nxd4 Nf6 5. Nc3 a6 6. Bg5 Nbd7 7. Bc4 e6 8.
O-O b5 9. Bxe6 fxe6 10. Nxe6 Qb6 11. a4 b4 12. a5 Qb7 13. Nd5 Nxd5 14. exd5 Ne5
15. Nd8 Qc7 16. Re1 Bd7 17. f4 Rxd8 18. Bxd8 Kxd8 19. fxe5 dxe5 20. Qe2 Qa7+
21. Kh1 Bd6 22. c3 Rf8 23. Rf1 Rxf1+ 24. Rxf1 Qb7 25. c4 Qc7 26. b3 g6 27. Qe3
Qc5 28. Qh6 Bf5 29. Qxh7 Qe3 30. Qb7 Qe2 31. Qb6+ Ke7 32. Rg1 Qc2 33. Qxa6 Be4
34. Qb7+ Kf6 35. Qb6 Kg7 36. a6 1-0

[Event "39. Torneo La Roda"]
[Site "La Roda ESP"]
[Date "2012.04.05"]
[Round "3.13"]
[White "Tudela Corbalan, Carlos"]
[Black "Antoli Royo, Joaquin Miguel"]
[Result "1/2-1/2"]
[WhiteElo "2265"]
[BlackElo "2414"]
[PlyCount "72"]
[EventDate "2012.04.04"]
[EventType "swiss"]
[EventRounds "9"]
[EventCountry "ESP"]
[Source "lmi"]
[SourceDate "2012.04.04"]

1. e4 c5 2. Nc3 Nc6 3. g3 g6 4. Bg2 Bg7 5. d3 d6 6. Be3 Nd4 7. Qd2 Qa5 8. f4 e6
9. Nf3 Ne7 10. O-O Nec6 11. Nh4 f5 12. Qf2 O-O 13. Nd1 Qa6 14. Kh1 Bd7 15. a3
Rac8 16. Rb1 b5 17. h3 b4 18. g4 bxa3 19. bxa3 Rb8 20. Rxb8 Rxb8 21. gxf5 exf5
22. c3 Qxd3 23. cxd4 cxd4 24. Bc1 fxe4 25. f5 gxf5 26. Nxf5 Rf8 27. Qa2+ Kh8
28. Nf2 Qxf1+ 29. Bxf1 Rxf5 30. Bg2 d5 31. Qe2 d3 32. Nxd3 Nd4 33. Qe3 exd3 34.
Qxd3 Bb5 35. Qg3 Be5 36. Qh4 Ne2 1/2-1/2

[Event "39. Torneo La Roda"]
[Site "La Roda ESP"]
[Date "2012.04.05"]
[Round "3.14"]
[White "Garza Marco, Sergio"]
[Black "Navarrete Espi, Samuel"]
[Result "0-1"]
[WhiteElo "2404"]
[BlackElo "2129"]
[PlyCount "150"]
[EventDate "2012.04.04"]
[EventType "swiss"]
[EventRounds "9"]
[EventCountry "ESP"]
[Source "lmi"]
[SourceDate "2012.04.04"]

1. d4 Nf6 2. c4 g6 3. Nc3 Bg7 4. e4 d6 5. f3 O-O 6. Be3 Nc6 7. Qd2 a6 8. Rc1
Bd7 9. Nge2 Rb8 10. Nd1 b5 11. c5 e6 12. g3 Ne7 13. Bg2 b4 14. Nf2 Bb5 15. O-O
dxc5 16. Rxc5 Nd7 17. Rc2 c6 18. Rd1 Nb6 19. b3 a5 20. Nd3 Qc8 21. Bf4 Ra8 22.
Qe3 Rd8 23. d5 Nbxd5 24. exd5 Nxd5 25. Qc1 Qa6 26. Nc5 Qb6 27. Bg5 Bc3 28. Nxc3
Qxc5+ 29. Kh1 bxc3 30. Bxd8 Rxd8 31. Rxc3 Qb4 32. a4 Be2 33. Rd2 Rc8 34. Rc5
Ba6 35. Rdc2 Qxb3 36. Rxa5 Bd3 37. Rb2 Qa3 38. Rb1 Qa2 39. Rb7 c5 40. Raa7 Rf8
41. h4 c4 42. Qh6 Qa1+ 43. Kh2 Qg7 44. Qxg7+ Kxg7 45. f4 c3 46. Bxd5 exd5 47.
Rb3 Rc8 48. Rbb7 Rf8 49. Rb3 d4 50. Rd7 Rc8 51. Rbb7 Bc4 52. Rb1 Rb8 53. Rc1
Rb2+ 54. Kg1 Rd2 55. Rc7 Bd5 56. Rc5 Be4 57. Re1 f5 58. a5 Ra2 59. Rc4 Rg2+ 60.
Kf1 Rd2 61. Rc7+ Kh6 62. a6 Ra2 63. a7 Kh5 64. Rd1 c2 65. Rxd4 Rxa7 66. Rdc4
Bd3+ 67. Kf2 Bxc4 68. Rxc4 Ra2 69. Kf3 Ra3+ 70. Kf2 Kg4 71. h5 Rxg3 72. Rxc2
Rf3+ 73. Kg2 Rxf4 74. Rc7 Kxh5 75. Rxh7+ Kg4 0-1

[Event "39. Torneo La Roda"]
[Site "La Roda ESP"]
[Date "2012.04.05"]
[Round "3.15"]
[White "Nicolas Zapata, Irene"]
[Black "Pardo Simon, David"]
[Result "1/2-1/2"]
[WhiteElo "2127"]
[BlackElo "2402"]
[PlyCount "78"]
[EventDate "2012.04.04"]
[EventType "swiss"]
[EventRounds "9"]
[EventCountry "ESP"]
[Source "lmi"]
[SourceDate "2012.04.04"]

1. Nf3 b5 2. g3 Bb7 3. Bg2 c5 4. O-O Nf6 5. c4 bxc4 6. Qa4 e6 7. Qxc4 d5 8.
Qa4+ Nbd7 9. d4 cxd4 10. Nxd4 Bc5 11. Nc3 O-O 12. Nb3 Nb6 13. Qb5 Bd6 14. Be3
Rb8 15. Na5 Ba8 16. Qd3 Ng4 17. Bc1 Bb4 18. Nb3 Nc4 19. e4 Nge5 20. Qe2 dxe4
21. Rd1 Qb6 22. Nxe4 f5 23. Nc3 Bxg2 24. Kxg2 Bxc3 25. bxc3 Rbc8 26. Nd4 Rfe8
27. Be3 Nxe3+ 28. Qxe3 Ng4 29. Qf3 Qc5 30. Rab1 Qxc3 31. Qxc3 Rxc3 32. h3 Nf6
33. Rb7 a5 34. Ra7 Ra3 35. Rb1 Ra4 36. Nc6 Rxa2 37. Rbb7 Nh5 38. g4 fxg4 39.
hxg4 Rf8 1/2-1/2

[Event "39. Torneo La Roda"]
[Site "La Roda ESP"]
[Date "2012.04.05"]
[Round "3.17"]
[White "Korneev, Oleg"]
[Black "Nicolas Zapata, Javier"]
[Result "1-0"]
[WhiteElo "2597"]
[BlackElo "2023"]
[PlyCount "63"]
[EventDate "2012.04.04"]
[EventType "swiss"]
[EventRounds "9"]
[EventCountry "ESP"]
[Source "lmi"]
[SourceDate "2012.04.04"]

1. e4 e5 2. Nf3 Nc6 3. Bc4 Nf6 4. d3 Be7 5. O-O O-O 6. Re1 d6 7. a4 Na5 8. Ba2
c5 9. Nc3 Nc6 10. Bg5 Be6 11. Bxf6 Bxf6 12. Nd5 g6 13. c3 Bg7 14. Qb1 h6 15. b4
cxb4 16. Nxb4 Bxa2 17. Rxa2 Nxb4 18. Qxb4 b6 19. a5 bxa5 20. Rxa5 Rb8 21. Qa3
Rb3 22. Qxb3 Qxa5 23. Nd2 Kh7 24. Nc4 Qc5 25. Qb4 Qxb4 26. cxb4 Rd8 27. Ne3 Rc8
28. Nd5 Rc2 29. Ra1 Rd2 30. Kf1 Rxd3 31. Rxa7 Kg8 32. b5 1-0

[Event "39. Torneo La Roda"]
[Site "La Roda ESP"]
[Date "2012.04.05"]
[Round "3.19"]
[White "Martinez Lopez, David"]
[Black "Anton Guijarro, David"]
[Result "1/2-1/2"]
[WhiteElo "2159"]
[BlackElo "2476"]
[PlyCount "52"]
[EventDate "2012.04.04"]
[EventType "swiss"]
[EventRounds "9"]
[EventCountry "ESP"]
[Source "lmi"]
[SourceDate "2012.04.04"]

1. e4 c6 2. Nc3 d5 3. Nf3 g6 4. exd5 cxd5 5. Bb5+ Bd7 6. Qe2 Nf6 7. Bxd7+ Qxd7
8. d4 Bg7 9. Ne5 Qe6 10. Qb5+ Nbd7 11. O-O O-O 12. Nxd7 Qxd7 13. Qxd7 Nxd7 14.
Nxd5 e6 15. Nf4 Rfd8 16. Ne2 e5 17. c3 exd4 18. cxd4 Rac8 19. Rd1 Rc2 20. Rd2
Rc6 21. Rd1 Nb6 22. Kf1 Nd5 23. Bg5 f6 24. Bd2 Rc2 25. Rab1 Rd7 26. Ke1 Rc8
1/2-1/2

[Event "39. Torneo La Roda"]
[Site "La Roda ESP"]
[Date "2012.04.06"]
[Round "4.2"]
[White "Khamrakulov, Ibragim S"]
[Black "Fedorchuk, Sergey A"]
[Result "1/2-1/2"]
[WhiteElo "2519"]
[BlackElo "2634"]
[PlyCount "25"]
[EventDate "2012.04.04"]
[EventType "swiss"]
[EventRounds "9"]
[EventCountry "ESP"]
[Source "lmi"]
[SourceDate "2012.04.04"]

1. e4 c5 2. Nf3 e6 3. c3 d5 4. exd5 Qxd5 5. Na3 Nf6 6. d4 Nc6 7. Nb5 Qd8 8.
dxc5 Bxc5 9. Qxd8+ Kxd8 10. Bf4 Ne4 11. Nbd4 Nxd4 12. Nxd4 Ke7 13. f3 1/2-1/2

[Event "39. Torneo La Roda"]
[Site "La Roda ESP"]
[Date "2012.04.06"]
[Round "4.5"]
[White "Navarrete Espi, Samuel"]
[Black "Bacallao Alonso, Yusnel"]
[Result "0-1"]
[WhiteElo "2129"]
[BlackElo "2550"]
[PlyCount "54"]
[EventDate "2012.04.04"]
[EventType "swiss"]
[EventRounds "9"]
[EventCountry "ESP"]
[Source "lmi"]
[SourceDate "2012.04.04"]

1. e4 c5 2. Nf3 d6 3. d4 cxd4 4. Nxd4 Nf6 5. Nc3 a6 6. Be3 e5 7. Nb3 Be6 8. f3
h5 9. Qd2 Nbd7 10. O-O-O b5 11. Kb1 Nb6 12. Bxb6 Qxb6 13. Nd5 Nxd5 14. exd5 Bd7
15. f4 g6 16. Bd3 Bh6 17. g3 O-O 18. Qg2 a5 19. f5 a4 20. Nd2 a3 21. bxa3 Rxa3
22. fxg6 Qa7 23. gxf7+ Rxf7 24. Qe4 Rxa2 25. Qb4 e4 26. Nxe4 Ra1+ 27. Kb2 Bg7+
0-1

[Event "39. Torneo La Roda"]
[Site "La Roda ESP"]
[Date "2012.04.06"]
[Round "4.6"]
[White "Paunovic, Dragan"]
[Black "Martinez Martin, David"]
[Result "1/2-1/2"]
[WhiteElo "2537"]
[BlackElo "2386"]
[PlyCount "128"]
[EventDate "2012.04.04"]
[EventType "swiss"]
[EventRounds "9"]
[EventCountry "ESP"]
[Source "lmi"]
[SourceDate "2012.04.04"]

1. Nf3 d5 2. d4 Nf6 3. c4 e6 4. Nc3 Be7 5. Bg5 O-O 6. e3 h6 7. Bxf6 Bxf6 8. Rc1
c6 9. Bd3 dxc4 10. Bxc4 Nd7 11. O-O e5 12. h3 exd4 13. exd4 Nb6 14. Bb3 Bf5 15.
Re1 Re8 16. Rxe8+ Qxe8 17. Qd2 Qd7 18. Re1 Re8 19. Rxe8+ Qxe8 20. Qf4 Bg6 21.
h4 h5 22. Ne5 Bxe5 23. dxe5 Nd7 24. e6 fxe6 25. Qe3 Nf6 26. Qxa7 Qd7 27. Qe3
Bf5 28. Ne2 Nd5 29. Qg5 g6 30. Nd4 Kh7 31. Bxd5 cxd5 32. Qf4 Be4 33. Qe5 Qg7
34. Qxg7+ Kxg7 35. Nxe6+ Kf6 36. Nc5 Ke5 37. Kf1 Bb1 38. a4 d4 39. Ke2 Ba2 40.
Nxb7 Bd5 41. Nc5 Bxg2 42. f3 Kf4 43. Ne6+ Kg3 44. Nxd4 Kxh4 45. Kf2 Bh3 46. a5
Bc8 47. Nb3 Bb7 48. Nc5 Bc6 49. b4 g5 50. a6 Kh3 51. a7 Kh2 52. b5 Ba8 53. b6
g4 54. b7 g3+ 55. Ke2 Bxb7 56. Nxb7 g2 57. a8=Q g1=Q 58. Qb8+ Kh1 59. Nd6 Qh2+
60. Kd3 Qf4 61. Qb1+ Kg2 62. Qc2+ Kg3 63. Ne4+ Kh4 64. Kd4 Qxf3 1/2-1/2

[Event "39. Torneo La Roda"]
[Site "La Roda ESP"]
[Date "2012.04.06"]
[Round "4.8"]
[White "Ibarra Jerez, Jose Carlos"]
[Black "Renteria, Jorge"]
[Result "1-0"]
[WhiteElo "2523"]
[BlackElo "2328"]
[PlyCount "87"]
[EventDate "2012.04.04"]
[EventType "swiss"]
[EventRounds "9"]
[EventCountry "ESP"]
[Source "lmi"]
[SourceDate "2012.04.04"]

1. e4 c5 2. Nf3 d6 3. d4 cxd4 4. Nxd4 Nf6 5. f3 e5 6. Nb3 d5 7. Bg5 Be6 8. Bxf6
gxf6 9. exd5 Qxd5 10. Qxd5 Bxd5 11. Nc3 Be6 12. O-O-O a6 13. Nd5 Bxd5 14. Rxd5
Nc6 15. c3 Rd8 16. Rxd8+ Nxd8 17. g3 h5 18. Bh3 Ne6 19. Bf5 h4 20. Rd1 Bh6+ 21.
Kb1 Be3 22. Na5 b5 23. Nc6 Bb6 24. Nb4 a5 25. Nd5 Bd8 26. a3 hxg3 27. hxg3 Nc5
28. b4 Nb3 29. Bc2 a4 30. Bd3 Rh2 31. Bxb5+ Kf8 32. Bxa4 Nd2+ 33. Kc1 Nxf3 34.
Ne3 Bb6 35. Nf5 Kg8 36. Bc2 Re2 37. a4 e4 38. a5 Bf2 39. b5 Bc5 40. b6 Ba3+ 41.
Kb1 Nd2+ 42. Ka2 Bc5 43. b7 Ba7 44. Ne7+ 1-0

[Event "39. Torneo La Roda"]
[Site "La Roda ESP"]
[Date "2012.04.06"]
[Round "4.9"]
[White "Koziak, Vitali"]
[Black "Ramiro Ovejero, Juan Luis"]
[Result "1/2-1/2"]
[WhiteElo "2511"]
[BlackElo "2323"]
[PlyCount "58"]
[EventDate "2012.04.04"]
[EventType "swiss"]
[EventRounds "9"]
[EventCountry "ESP"]
[Source "lmi"]
[SourceDate "2012.04.04"]

1. e4 c5 2. c3 b6 3. d4 Bb7 4. Bd3 Nf6 5. d5 c4 6. Bc2 e6 7. dxe6 fxe6 8. Qe2
Bc5 9. Nf3 O-O 10. O-O Qe8 11. e5 Nd5 12. Qxc4 Qh5 13. b4 Be7 14. Be4 Nc6 15.
Bxd5 exd5 16. Qxd5+ Rf7 17. Nbd2 Raf8 18. Ne4 Nd8 19. Ng3 Qg6 20. Qxd7 Bxb4 21.
Qa4 Bxc3 22. Ba3 Bxa1 23. Bxf8 Bxf3 24. Ba3 Bc6 25. Qd1 Ne6 26. Qd6 Bxe5 27.
Qxc6 h6 28. Qd5 Bxg3 29. hxg3 Qf5 1/2-1/2

[Event "39. Torneo La Roda"]
[Site "La Roda ESP"]
[Date "2012.04.06"]
[Round "4.10"]
[White "Movsziszian, Karen"]
[Black "Moreno Tejera, Emilio"]
[Result "1/2-1/2"]
[WhiteElo "2483"]
[BlackElo "2313"]
[PlyCount "56"]
[EventDate "2012.04.04"]
[EventType "swiss"]
[EventRounds "9"]
[EventCountry "ESP"]
[Source "lmi"]
[SourceDate "2012.04.04"]

1. g3 f5 2. Bg2 Nf6 3. c4 g6 4. Nc3 Bg7 5. Nf3 O-O 6. O-O d6 7. d3 Nc6 8. Rb1
a5 9. a3 Nh5 10. Bd2 f4 11. b4 axb4 12. axb4 Bg4 13. Nd5 fxg3 14. hxg3 Qd7 15.
b5 Nd4 16. Nxd4 Bxd4 17. Be3 Be5 18. Qd2 Bh3 19. d4 Bxg3 20. fxg3 Bxg2 21. Kxg2
Qg4 22. Bf4 Rxf4 23. Nxf4 Qxg3+ 24. Kh1 Qh4+ 25. Kg1 Qg5+ 26. Kh2 Qg3+ 27. Kh1
Qh4+ 28. Kg1 Qg5+ 1/2-1/2